Hey Stephen (Lyrics)- Taylor Swift - Statistics

General Stats
  • This quiz has been taken 38 times
  • The average score is 318 of 405
Answer Stats
Answer % Correct
Hey
100%
Stephen
100%
I
95%
you
95%
you?
95%
a
91%
an
91%
be
91%
But
91%
can
91%
look
91%
in
86%
know
86%
looks
86%
Mmm
86%
mmm
86%
the
86%
The
86%
when
86%
And
82%
and
82%
angel
82%
can't
82%
Can't
82%
deceivin'
82%
do
82%
girls
82%
help
82%
if
82%
If
82%
it
82%
kiss
82%
like
82%
on
82%
one
82%
rain
82%
so
82%
So
82%
wanna
82%
yeah
82%
been
77%
else
77%
for
77%
I've
77%
light
77%
me
77%
my
77%
myself
77%
no
77%
Oh-oh
77%
oh-oh-oh
77%
saw
77%
there
77%
there's
77%
to
77%
your
77%
all
73%
All
73%
always
73%
at
73%
'Cause
73%
don't
73%
ever
73%
feel
73%
feelin'
73%
Haha
73%
I'll
73%
it's
73%
It's
73%
magic
73%
met
73%
should
73%
since
73%
talk
73%
this
73%
walk
73%
way
73%
we
73%
would
73%
beautiful
68%
Come
68%
come
68%
even
68%
have
68%
name
68%
rocks
68%
same
68%
say
68%
stay
68%
they
68%
think
68%
tossing
68%
wanted
68%
why
68%
Why
68%
window
68%
alone
64%
as
64%
back
64%
believin'
64%
change
64%
cold
64%
got
64%
leavin'?
64%
Of
64%
other
64%
people
64%
some
64%
song
64%
They're
64%
they're
64%
things
64%
those
64%
thought
64%
waitin'
64%
waiting
64%
wonderful
64%
write
64%
are
59%
boy
59%
choose
59%
could
59%
didn't
59%
half
59%
holdin'
59%
seen
59%
shine
59%
walked
59%
well
59%
You're
59%
fifty
55%
might
55%
never
55%
nobody
55%
now
55%
reasons
55%
aren't
50%
dimming
50%
give
50%
here
50%
lights
50%
street
50%
tonight?
50%
near
45%
perfect
45%
were
45%
I'm
41%
pull
41%
out
36%
talkin'
36%
huh
32%
No matching quizzes found
Score Distribution
Percent of People with Each Score
Percentile by Number Answered
Your Score History
You have not taken this quiz